Premier League Every Goal Scorer (Liverpool) Quiz Stats

 Plays Quiz Updated Aug 8, 2019

Score 0/136 Timer 15:00
86 Plays Today
Date of First Goal % Correct
December 1999Steven Gerrard
93%
August 2017Mohamed Salah
92.9%
August 2016Sadio Mané
90.5%
November 2015Roberto Firmino
87.8%
February 2011Luis Suarez
86.7%
May 1997Michael Owen
85.3%
December 2018Virgil van Dijk
84.4%
August 2007Fernando Torres
84.3%
September 1993Robbie Fowler
83.7%
August 2011Jordan Henderson
83.6%
December 2017Trent Alexander-Arnold
82.3%
May 2018Andrew Robertson
80.9%
January 1997Jamie Carragher
78.6%
January 2013Daniel Sturridge
78.5%
October 2004Xabi Alonso
78%
September 2015James Milner
76.5%
December 2015Divock Origi
75.5%
October 2016Joël Matip
74.8%
October 1992Ian Rush
74.6%
September 2006Dirk Kuyt
73.4%
September 2016Dejan Lovren
73.2%
September 1999Sami Hyypiä
72.3%
September 2001John Arne Riise
71.6%
February 2013Philippe Coutinho
71.5%
November 2016Georginio Wijnaldum
69.7%
November 2009Martin Škrtel
66.8%
December 2005Peter Crouch
66.5%
December 2018Fabinho
66.2%
October 2014Adam Lallana
66.1%
October 2012Raheem Sterling
65.1%
August 2006Daniel Agger
64.9%
September 1992Steve McManaman
64.9%
April 2019Naby Keita
64.6%
January 2000Vladimír Šmicer
64.3%
April 2000Emile Heskey
63.6%
September 2002Milan Baroš
63.5%
January 1993John Barnes
62.2%
September 2004Luis García
61.2%
August 2009Glen Johnson
60.3%
August 2014Alberto Moreno
60.2%
August 2004Djibril Cissé
60.2%
April 2011Andy Carroll
60.2%
November 2017Alex Oxlade-Chamberlain
59.9%
February 2000Dietmar Hamann
59%
October 2018Xherdan Shaqiri
58.5%
August 2003Harry Kewell
58.1%
Date of First Goal % Correct
September 2004Steve Finnan
57.3%
September 2007Ryan Babel
57%
September 1992Jamie Redknapp
56.6%
May 2009Lucas Leiva
55.8%
March 2008Javier Mascherano
55.5%
September 1996Patrik Berger
55%
September 2007Yossi Benayoun
54.5%
February 2016Nathaniel Clyne
53.6%
November 2008Robbie Keane
52.2%
November 1999Danny Murphy
51.8%
September 1996Phil Babb
51.2%
August 1995Stan Collymore
50.6%
August 2002El Hadji Diouf
50.4%
October 2006Craig Bellamy
49.1%
February 2015Mario Balotelli
48.3%
February 2005Fernando Morientes
47.1%
November 2014Emre Can
47.1%
April 2010Maxi Rodriguez
47.1%
November 2000Gary McAllister
47%
August 2015Christian Benteke
47%
August 1997Paul Ince
46.6%
November 2014Rickie Lambert
46.1%
March 2008Fábio Aurélio
45.7%
May 2014Joe Allen
45.2%
August 1993Neil Ruddock
43.1%
December 2000Markus Babbel
42.1%
January 2011Joe Cole
42.1%
December 2012Stewart Downing
41.8%
April 2007Álvaro Arbeloa
41.4%
February 2001Jari Litmanen
41.3%
December 2013Mamadou Sakho
41.3%
August 2011Charlie Adam
41.1%
August 2007Andriy Voronin
40.8%
August 2007Mohamed Sissoko
40.4%
September 1992Mark Wright
39.6%
February 2016Kolo Touré
39.5%
October 2002Salif Diao
39.3%
October 2003Florent Sinama-Pongolle
39.3%
October 2008Albert Riera
39%
February 2002Nicolas Anelka
39%
March 2009David N'Gog
38.7%
November 2004Neil Mellor
38.5%
October 2004Igor Bišćan
38%
March 2010Alberto Aquilani
38%
March 2009Andrea Dossena
37.3%
September 2015Danny Ings
36.8%
Date of First Goal % Correct
December 2013Jon Flanagan
36.6%
January 2011Raul Meireles
36.1%
January 2007Jermaine Pennant
36.1%
April 2013Fabio Borini
36%
March 1997Jason McAteer
36%
August 1999Titi Camara
35.8%
January 2018Ragnar Klavan
35.4%
August 1997Karl-Heinz Riedle
35.2%
November 2012José Enrique
35%
May 2018Dominic Solanke
34.2%
January 2015Lazar Marković
33.8%
August 1992Jan Mølby
33.7%
August 1996Stig Inge Bjørnebye
33.2%
October 2000Nick Barmby
33.2%
March 2012Sebastian Coates
32.5%
February 2002Abel Xavier
32.4%
September 2006Mark Gonzalez
32.4%
May 2016Jordon Ibe
32.3%
October 1992Michael Thomas
31.6%
May 2012Jonjo Shelvey
31%
April 1998David Thompson
30.3%
October 2005Boudewijn Zenden
29.7%
January 2004Bruno Cheyrou
29.2%
September 1992Ronny Rosenthal
28.6%
August 1993Nigel Clough
27.8%
January 2010Sotirios Kyrgiakos
27.7%
November 2000Christian Ziege
27.5%
September 1994John Scales
27.4%
October 1997Øyvind Leonhardsen
27.1%
August 1992Mark Walters
27%
September 2012Nuri Sahin
26.2%
December 1998Vegard Heggem
26.1%
September 1992Dean Saunders
25.6%
January 1999Dominic Matteo
25.3%
August 1992Ronnie Whelan
25%
September 2013Victor Moses
24.2%
August 1993Steve Nicol
24%
January 1994Julian Dicks
23.1%
March 2006Stephen Warnock
23%
April 1995Steve Harkness
22.4%
August 1992Paul Stewart
21.3%
October 1992Don Hutchison
20.2%
November 1992Mike Marsh
17.5%
October 1992David Burrows
16.6%

You're not logged in!

Compare scores with friends on all Sporcle quizzes.
OR
Log In

Sporcle TV

Today on Sporcle TV


Watch our educational content, quiz creation guides, and fun videos on Sporcle TV.

Show Comments

Extras

Top Quizzes Today


Score Distribution

Your Account Isn't Verified!

In order to create a playlist on Sporcle, you need to verify the email address you used during registration. Go to your Sporcle Settings to finish the process.

Report this User

Report this user for behavior that violates our Community Guidelines.

Details: